Valparaíso y los ingleses en tres siglos

Saved in:
Bibliografiske detaljer
Hovedforfatter: Vicuña Mackenna, Benjamín, 1831-1886 (Author)
Format: Bog
Sprog:spansk
Udgivet: Viña del Mar Ediciones Altazor 2010
Fag:
Tags: Tilføj Tag
Ingen Tags, Vær først til at tagge denne postø!

MARC

LEADER 00000cam a2200000 a 4500
001 UCF4352
003 CL-VaPUC
008 121130e20100000CL |||||||||||||||||spa|d
020 |a 9789567472819 
082 0 4 |a 983.04  |b VIC  |2 21 
100 |a Vicuña Mackenna, Benjamín,  |d 1831-1886  |x Político e historiador   |z Chile   |e author  |9 374 
245 1 0 |a Valparaíso y los ingleses en tres siglos 
300 |a 80 p 
942 |c BK 
945 |d 20121130 00:00:00  |a dcastane 
260 |a Viña del Mar  |b Ediciones Altazor  |c 2010 
650 0 |a Historia de Chile  |9 265473 
650 0 |a Historia de Valparaíso  |9 460237 
650 7 |a INGLESES  |2 CL-VaPUC  |9 565869 
583 |a last modification  |c 20121130 23:21:00  |k Rodrigo Vera 
999 |c 350159  |d 350157 
952 |0 0  |1 0  |4 0  |6 983_040000000000000_VIC_2010  |7 0  |8 X  |9 453361  |a FDOBUD  |b FDOBUD  |d 2019-11-22  |i 4930398  |o 983.04 VIC 2010  |p 4930398  |r 2019-11-22  |w 2019-11-22  |y BK_X  |k BUD 
952 |0 0  |1 0  |4 0  |6 983_040000000000000_VIC_2010  |7 0  |8 A  |9 453362  |a BIBHIS  |b BIBHIS  |d 2019-11-22  |i 4930509  |l 1  |o 983.04 VIC 2010  |p 4930509  |r 2025-01-20  |s 2022-07-08  |w 2019-11-22  |y BK  |k HIS 
952 |0 0  |1 0  |4 0  |6 983_040000000000000_VIC_2010  |7 0  |8 A  |9 453363  |a BIBCUR  |b BIBCUR  |d 2019-11-22  |i 4930657  |o 983.04 VIC 2010  |p 4930657  |r 2025-04-22  |w 2019-11-22  |y BK  |k PER